000 00596cam a22002293a 4500
001 8522
003 PGUSA
005 20140828083201.0
008 050701s2005||||xxu|||||s|||||000 1 eng d
040 _aPGUSA
_beng
042 _adc
050 4 _aPS
100 1 _aBates, Arlo,
_d1850-1918
245 1 4 _aThe Puritans
_h[electronic resource] /
_cArlo Bates
260 _bProject Gutenberg,
_c2005
506 _aPublic domain in the USA.
516 _aElectronic text
653 _aFiction
830 0 _aProject Gutenberg
_v8522
856 4 0 _uhttp://www.gutenberg.org/ebooks/8522
942 _cEB
999 _c237822
_d237822